1301 1532 1809 1781 1202 1857 1521 1985 1480 1156 1008 1310 1527 1565 1819 1783 1978 1907 1154 1735 1621 1718 1208 1521 1973 1145 1213 1685 1864 1636 1383 1802 1733 1147 1394 1243 1473 1157 1663 1369 1355 1617 1971 1309 1552 1515 1363 1296 1024 1983 1324 1433 1186 1478 1269 1485 1361 1193 1403 1165 1448 1891 1997 1907 1629 1439 1114 1752 1464 1151 1076 1358 1738 1770 1054 1096 1615 1313 1173 1633 1107 1756 1946 1523 1737 1142 1310 1251 1051 1189 1956 1608 1272 1183 1139 1247 1888 1469 1510 BCNSPRNW ULIB Ver.6.0+V

เปลี่ยนเป็นภาษาไทย

Change to English
 แสดงรายละเอียดบรรณานุกรม
  กลับหน้าหลัก

Brief Record : Get Marc (ISO 2709) : E-mail record : QR code < ปิดหน้าต่าง
LEADER : 00000nam 2200000uu 4500
001    13399121106
003     ULIB
008    020711s2546 th a 000 0 tha d
050  4 LB^bส181ย
100    พรชุลี อาชวอำรุง
245    ยุทธศาสตร์การพัฒนาองค์กร ของ สถาบันพระบรมราชชนก/^cพรชุลี อาชวอำรุง
250    พิมพ์ครั้งที่ 1
260    กรุงเทพฯ :^bสภาบันพระบรมราชชนก กระทรวงสาธารณสุข,^c2546
300    255 หน้า
945    ^p0^l0^i12491
945    ^p0^l0^i12492
999    ^aทศพร เกษรทอง
รายการนี้ยังไม่มีแท็ก
คุณยังไม่ได้ล็อกอิน คุณสามารถมีกิจกรรมร่วมกับเว็บไซต์ได้ แต่ต้องล็อกอินก่อน ::
  ล็อกอิน

รายการสื่อสารสนเทศ

ลำดับที่ ประเภท เลขเรียก/บาร์โค้ด สถานที่ สถานะ
1. วิทยาศาสตร์การแพทย์ และสุขภาพ
วิทยาศาสตร์การแพทย์ และสุขภาพ
LB ส181ย  
  Barcode: 12491
ห้องสมุดวิทยาเขตสวรรค์ประชารักษ์
►หนังสือทั่วไป
บนชั้น
2. วิทยาศาสตร์การแพทย์ และสุขภาพ
วิทยาศาสตร์การแพทย์ และสุขภาพ
LB ส181ย ฉ.2 
  Barcode: 12492
ห้องสมุดวิทยาเขตสวรรค์ประชารักษ์
►หนังสือทั่วไป
บนชั้น

BibComment


ยังไม่เคยถูกคอมเมนท์

คอมเมนท์ทรัพยากรรายการนี้
  คอมเมนท์: ยุทธศาสตร์การพัฒน..


 Copyright 2026. Bcnsprnw @Library